Heidi: Cesta kolem těla

Bibliographic Details
Main Author: Turok, Andrej, 1961-2020 (Author)
Format: Article
Language:Slovak
Subjects:

MARC

LEADER 00000nab a2200000 a 4500
001 vtls000395690
003 SK-MaSNL
005 20260302232352.0
008 160202c1990 xo 0 slo
015 |a SNBRB19rr/mm-uuuuu 
035 |a CL0395814 
040 |a SNKBUCL  |b slo  |c SNKBUCL  |e AACR2 
041 0 |a slo 
044 |a xo  |c SK 
080 |a 78.071.2:784.66  |2 1981 
080 |a 784.66  |2 1981 
080 |a 929 Heidi  |2 1981 
100 1 |a Turok, Andrej,  |d 1961-2020  |4 aut  |9 205882 
245 1 0 |a Heidi: Cesta kolem těla  |c Andrej Turok 
600 1 7 |a Janků, Heidi,  |d 1962-  |2 snkbucl  |9 26332 
650 0 7 |a Cesta kolem těla (nahrávka gramofónová)  |2 snkbucl  |9 964197 
655 7 |a články z novín a časopisov  |2 snkbucl  |9 267496 
773 0 |t Populár  |g Roč. 22, č. 9 (1990), s. 32 
787 0 8 |i Rec.:  |a Heidi  |t Cesta kolem těla  |d Praha : Supraphon, 1990 
850 |a Slovenská národná knižnica v Martine  |a MTA001 
852 |a SNK  |b KIS3GCP 
958 |a RK 
958 |a CZ 
992 |a RBX 
999 |c 1542649  |d 1544579